All Acura Models Since 1986 Quiz Stats

 Plays Quiz not verified by Sporcle

Also try: Logos with Stars
Challenge
Share
Tweet
Embed
Score 0/32 Timer 15:00
0 Plays Today
Years Model % Correct
2001-06MDX
94.1%
2007-13MDX
94.1%
2014-PresentMDX
94.1%
1991-05NSX
88.2%
1996-04RL
88.2%
2005-12RL
88.2%
2017-PresentNSX
88.2%
1986-89Integra
87.3%
1990-93Integra
87.3%
1994-01Integra
87.3%
1996-98TL
87.3%
1999-03TL
87.3%
2004-08TL
87.3%
2009-14TL
87.3%
2007-12RDX
85.3%
2013-PresentRDX
85.3%
Years Model % Correct
2015-PresentTLX
81.4%
1986-90Legend
78.4%
1991-95Legend
78.4%
2004-08TSX
78.4%
2009-14TSX
78.4%
2002-06RSX
77.5%
2014-PresentRLX
76.5%
2013-PresentILX
69.6%
1997-99CL
67.6%
2001-03CL
67.6%
2010-13ZDX
65.7%
1992-94Vigor
61.8%
1996-99SLX
58.8%
1997-00EL
49%
2001-05EL
49%
2006-10CSX
41.2%

You're not logged in!

Compare scores with friends on all Sporcle quizzes.
OR
Log In

You Might Also Like...

Show Comments

Extras

Top Quizzes Today


Score Distribution

Your Account Isn't Verified!

In order to create a playlist on Sporcle, you need to verify the email address you used during registration. Go to your Sporcle Settings to finish the process.

Report this User

Report this user for behavior that violates our Community Guidelines.

Details: